000 00265nam a2200109Ia 4500
008 190216s9999||||xx |||||||||||||| ||und||
100 _aChandran Pilla V
245 0 _aIndian Sampathika Preshnangal
260 _bBhasha Institute
650 _aEconomics
942 _cBK
999 _c37524
_d37524